000 02928cam a2200781 a 4500
999 _c1164
_d1164
001 015630478
003 UkOxU
005 20210624075325.0
008 030710s2004 nju b 001 0 eng
010 _a2003015721
020 _a0131439812 (Hardcover : student ed.)
020 _a0131451405 (Instructor's ed.)
020 _a0131239244 (International ed.)
035 _a(DNLM)101184574
035 _a13269963
040 _aDNLM/DLC
_cDLC
_dDLC
042 _apcc
050 0 0 _aQH430
_b.L4 2004
060 1 0 _aQH 430
_bL672g 2004
082 0 0 _a576.5
_222
100 1 _aLewin, Benjamin.
245 1 0 _aGenes VIII /
_cBenjamin Lewin.
246 3 _aGenes 8
246 3 _aGenes eight
260 _aUpper Saddle River, N.J. :
_bPearson Prentice Hall,
_cc2004.
300 _axxi, 1027 p. :
_bcol. ill. ;
_c28 cm.
504 _aIncludes bibliographical references and index.
530 _aIncludes one pre-paid subscription to an on-line version of the text with updates. Additional subscriptions may be purchased.
650 0 _aGenetics.
650 0 _aGenes.
856 4 1 _uhttp://www.prenhall.com/lewin
_zSubscription needed.
856 4 1 _3Table of contents
_uhttp://www.loc.gov/catdir/toc/ecip046/2003015721.html
942 _2lcc
_cBK
_nJE